Anulación de los actos de la administración pública : (Registro nro. 7070)

Detalles MARC
000 -LEADER
fixed length control field 01130cam a2200265 a 4500
001 - CONTROL NUMBER
control field 3550089
003 - CONTROL NUMBER IDENTIFIER
control field OSt
005 - DATE AND TIME OF LATEST TRANSACTION
control field 20210206150605.0
008 - FIXED-LENGTH DATA ELEMENTS--GENERAL INFORMATION
fixed length control field 970417s1996 ck rb 001 0 spa d
020 ## - INTERNATIONAL STANDARD BOOK NUMBER
International Standard Book Number 9589288782
040 ## - CATALOGING SOURCE
Original cataloging agency CO-JMCR
Transcribing agency CO-JMCR
082 ## - DEWEY DECIMAL CLASSIFICATION NUMBER
Classification number 342.066 /
Item number L239a
Edition number 21
100 1# - MAIN ENTRY--PERSONAL NAME
Personal name Lamprea Rodríguez, Pedro Antonio,
Relator term autor
9 (RLIN) 12894
245 10 - TITLE STATEMENT
Title Anulación de los actos de la administración pública :
Remainder of title doctrina constitucional de la legalidad. Motivos de anulación de los actos administrativos Control de legalidad Jurisprudencia doctrina. Modelos /
Statement of responsibility, etc. Pedro Antonio Lamprea Rodríguez
250 ## - EDITION STATEMENT
Edition statement Primera edición
260 ## - PUBLICATION, DISTRIBUTION, ETC.
Place of publication, distribution, etc. Bogotá :
Name of publisher, distributor, etc. Ediciones Doctrina y Ley,
Date of publication, distribution, etc. 1996
300 ## - PHYSICAL DESCRIPTION
Extent xxxii, 712 páginas ;
Dimensions 24 cm.
500 ## - GENERAL NOTE
General note Incluye índice alfabético informativo
504 ## - BIBLIOGRAPHY, ETC. NOTE
Bibliography, etc. note Bibliografía: páginas 687-691
505 0# - FORMATTED CONTENTS NOTE
Formatted contents note Teoría de la legalidad -- Régimen legal de la anulación -- Restablecimiento del orden justo
650 #0 - SUBJECT ADDED ENTRY--TOPICAL TERM
Topical term or geographic name entry element Actos Administrativos.
Geographic subdivision Colombia
9 (RLIN) 12895
650 #0 - SUBJECT ADDED ENTRY--TOPICAL TERM
Topical term or geographic name entry element Nulidad.
Geographic subdivision Colombia.
9 (RLIN) 12896
650 #0 - SUBJECT ADDED ENTRY--TOPICAL TERM
Topical term or geographic name entry element Procedimiento administrativo.
Geographic subdivision Colombia.
9 (RLIN) 8209
942 ## - ADDED ENTRY ELEMENTS (KOHA)
Source of classification or shelving scheme Dewey Decimal Classification
Koha item type Books
Existencias
Withdrawn status Lost status Source of classification or shelving scheme Damaged status Not for loan Collection code Home library Current library Date acquired Total Checkouts Full call number Barcode Date last seen Date last checked out Copy number Price effective from Koha item type
    Dewey Decimal Classification     Non-fiction Biblioteca Pública José María del Castillo y Rada Biblioteca Pública José María del Castillo y Rada 01/29/2021 2 342.066 / L239a 201810144 11/22/2024 11/19/2024 Ej.1 01/29/2021 Books